<?xml version='1.0' encoding='UTF-8'?>
  <record xmlns="http://www.loc.gov/MARC21/slim">
    <leader>00000cem a22000007i 4500</leader>
    <controlfield tag="001">ocn980444952</controlfield>
    <controlfield tag="003">OCoLC</controlfield>
    <controlfield tag="005">20240417153626.5</controlfield>
    <controlfield tag="008">030627s1617    ne        u     0   lat d</controlfield>
    <datafield tag="040" ind1=" " ind2=" ">
      <subfield code="a">QGJ</subfield>
      <subfield code="b">dut</subfield>
      <subfield code="c">QGJ</subfield>
      <subfield code="d">OCLCO</subfield>
      <subfield code="d">OCLCA</subfield>
      <subfield code="d">OCLCL</subfield>
      <subfield code="d">OCLCQ</subfield>
    </datafield>
    <datafield tag="035" ind1=" " ind2=" ">
      <subfield code="a">(OCoLC)980444952</subfield>
    </datafield>
    <datafield tag="100" ind1="1" ind2=" ">
      <subfield code="a">Keere, Pieter van den,</subfield>
      <subfield code="d">1571-na 1646.</subfield>
      <subfield code="1">https://id.oclc.org/worldcat/entity/E39PBJwX4gY7Wkbm9ckRqbqJDq</subfield>
    </datafield>
    <datafield tag="245" ind1="1" ind2="0">
      <subfield code="a">Petri Kaerii Germania Inferior id est, XVII provinciarum ejus novae et exactae tabulae geographicae /</subfield>
      <subfield code="c">cum luculentis singularum descriptionibus additis, à Petro Montano.</subfield>
    </datafield>
    <datafield tag="246" ind1="1" ind2=" ">
      <subfield code="a">Germania Inferior id est, XVII provinciarum ejus novae et exactae tabulae geographicae.</subfield>
    </datafield>
    <datafield tag="264" ind1=" " ind2="1">
      <subfield code="a">Amstelodami :</subfield>
      <subfield code="b">impensis Pet. Kaerii,</subfield>
      <subfield code="c">1617.</subfield>
    </datafield>
    <datafield tag="300" ind1=" " ind2=" ">
      <subfield code="a">1 atlas (23 krt.) ;</subfield>
      <subfield code="c">2-0</subfield>
    </datafield>
    <datafield tag="336" ind1=" " ind2=" ">
      <subfield code="a">cartografische afbeelding</subfield>
      <subfield code="b">cri</subfield>
      <subfield code="2">rdacontent/dut</subfield>
    </datafield>
    <datafield tag="337" ind1=" " ind2=" ">
      <subfield code="a">zonder medium</subfield>
      <subfield code="b">n</subfield>
      <subfield code="2">rdamedia/dut</subfield>
    </datafield>
    <datafield tag="338" ind1=" " ind2=" ">
      <subfield code="a">vel</subfield>
      <subfield code="b">nb</subfield>
      <subfield code="2">rdacarrier/dut</subfield>
    </datafield>
    <datafield tag="510" ind1="0" ind2=" ">
      <subfield code="a">Koeman Kee 1</subfield>
    </datafield>
    <datafield tag="562" ind1=" " ind2=" ">
      <subfield code="a">Binding note: *VIII*.E.i.2 (DkR) dl 2.</subfield>
      <subfield code="5">NL-UtRU</subfield>
    </datafield>
    <datafield tag="655" ind1=" " ind2="7">
      <subfield code="a">Atlassen (vorm)</subfield>
      <subfield code="0">(NL-LeOCL)088141551.</subfield>
      <subfield code="2">gtt</subfield>
    </datafield>
    <datafield tag="700" ind1="1" ind2=" ">
      <subfield code="a">Montanus, Petrus,</subfield>
      <subfield code="d">1560-1625.</subfield>
      <subfield code="1">https://id.oclc.org/worldcat/entity/E39PCjwf9Q8PKTv6fFyGRMqkH3</subfield>
    </datafield>
    <datafield tag="856" ind1="4" ind2="1">
      <subfield code="u">http://objects.library.uu.nl/reader/resolver.php?obj=002028831&amp;type=2</subfield>
      <subfield code="x">Online</subfield>
      <subfield code="z">Full text</subfield>
    </datafield>
    <datafield tag="936" ind1=" " ind2=" ">
      <subfield code="a">BATCHLOAD</subfield>
    </datafield>
  </record>